000 00453nam a2200181Ia 4500
005 20250423094812.0
008 250422s9999 xx 000 0 und d
020 _a978-0-7394-8188-2
050 _aTX 833.5 .B59/
100 _aBociurkiw, Marusya
245 0 _aComfort food for breakups : the memoir of a hungry girl
260 _aCanada
260 _bArsenel Pulp Press
260 _c2007
300 _a171 p
650 _aCookery
942 _cBK
999 _c28333
_d28333